| 000 | 00423cam a22001337a 4500 | ||
|---|---|---|---|
| 008 | 180718b1962 xxu||||| |||| 00| 0 eng d | ||
| 082 | _aA75 K45KOZ | ||
| 245 |
_aKerala district gazetteers: Kozhikode _cedited by A. Sreedhara Menon |
||
| 260 |
_aTrivandrum _bKerala District Gazetteers _c1962 |
||
| 300 | _a806+p. | ||
| 500 | _aLibrary also has supplement | ||
| 650 | _aKozhikode - Gazetteers | ||
| 700 | _aMenon, A. Sreedhara | ||
| 999 |
_c486426 _d486426 |
||